<?xml version="1.0" encoding="UTF-8"?>
<record
    xmlns:xsi="http://www.w3.org/2001/XMLSchema-instance"
    xsi:schemaLocation="http://www.loc.gov/MARC21/slim http://www.loc.gov/standards/marcxml/schema/MARC21slim.xsd"
    xmlns="http://www.loc.gov/MARC21/slim">

  <leader>00465nam a22001217a 4500</leader>
  <datafield tag="040" ind1=" " ind2=" ">
    <subfield code="c">HS</subfield>
  </datafield>
  <datafield tag="082" ind1=" " ind2=" ">
    <subfield code="a">635</subfield>
  </datafield>
  <datafield tag="100" ind1=" " ind2=" ">
    <subfield code="a">&#x1785;&#x17B6;&#x1793;&#x17CB; &#x178E;&#x17B6;&#x179A;&#x17C9;&#x17C1;&#x178F;</subfield>
  </datafield>
  <datafield tag="245" ind1=" " ind2=" ">
    <subfield code="a">&#x179F;&#x17C0;&#x179C;&#x1797;&#x17C5;&#x17A2;&#x17B6;&#x1793;&#x179F;&#x17D2;&#x178F;&#x17B8;&#x1796;&#x17B8;&#x1780;&#x17B6;&#x179A;&#x1792;&#x17D2;&#x179C;&#x17BE;&#x179F;&#x17BD;&#x1793;&#x1794;&#x1793;&#x17D2;&#x179B;&#x17C2;</subfield>
  </datafield>
  <datafield tag="260" ind1=" " ind2=" ">
    <subfield code="a">&#x1798;&#x1787;&#x17D2;&#x1788;&#x1798;&#x178E;&#x17D2;&#x178C;&#x179B;&#x17A2;&#x1797;&#x17B7;&#x179C;&#x178C;&#x17D2;&#x178D;&#x1793;&#x17CD; &#x1793;&#x17B7;&#x1784;&#x179F;&#x17D2;&#x179A;&#x17B6;&#x179C;&#x1787;&#x17B6;&#x17D2;&#x179A;&#x179C;&#x1794;&#x1793;&#x17D2;&#x179B;&#x17C3;&#x17A2;&#x17B6;&#x179F;&#x17CA;&#x17B8;</subfield>
    <subfield code="b">&#x1785;&#x17B6;&#x1793;&#x17CB; &#x178E;&#x17B6;&#x179A;&#x17C9;&#x17C1;&#x178F;</subfield>
    <subfield code="c">1993</subfield>
  </datafield>
  <datafield tag="300" ind1=" " ind2=" ">
    <subfield code="a">206p;</subfield>
  </datafield>
  <datafield tag="942" ind1=" " ind2=" ">
    <subfield code="c">KB</subfield>
  </datafield>
  <datafield tag="999" ind1=" " ind2=" ">
    <subfield code="c">9578</subfield>
    <subfield code="d">9578</subfield>
  </datafield>
  <datafield tag="952" ind1=" " ind2=" ">
    <subfield code="0">0</subfield>
    <subfield code="1">0</subfield>
    <subfield code="4">0</subfield>
    <subfield code="6">635_000000000000000_&#x1785;&#x17B6;&#x1793;_1993_C331</subfield>
    <subfield code="7">0</subfield>
    <subfield code="9">51600</subfield>
    <subfield code="a">LBC</subfield>
    <subfield code="b">LBC</subfield>
    <subfield code="c">C331</subfield>
    <subfield code="d">2016-09-05</subfield>
    <subfield code="o">635  &#x1785;&#x17B6;&#x1793;&#x17CB; 1993 C331</subfield>
    <subfield code="p">RUA046757</subfield>
    <subfield code="r">2016-09-05</subfield>
    <subfield code="y">KB</subfield>
  </datafield>
  <datafield tag="952" ind1=" " ind2=" ">
    <subfield code="0">0</subfield>
    <subfield code="1">0</subfield>
    <subfield code="4">0</subfield>
    <subfield code="6">635_000000000000000_&#x1785;&#x17B6;&#x1793;_1993_C331</subfield>
    <subfield code="7">0</subfield>
    <subfield code="9">51601</subfield>
    <subfield code="a">LBC</subfield>
    <subfield code="b">LBC</subfield>
    <subfield code="c">C331</subfield>
    <subfield code="d">2016-09-05</subfield>
    <subfield code="o">635  &#x1785;&#x17B6;&#x1793;&#x17CB; 1993 C331</subfield>
    <subfield code="p">RUA046939</subfield>
    <subfield code="r">2016-09-05</subfield>
    <subfield code="y">KB</subfield>
  </datafield>
  <datafield tag="952" ind1=" " ind2=" ">
    <subfield code="0">0</subfield>
    <subfield code="1">0</subfield>
    <subfield code="4">0</subfield>
    <subfield code="6">635_000000000000000_&#x1785;&#x17B6;&#x1793;_1993_C331</subfield>
    <subfield code="7">0</subfield>
    <subfield code="9">51602</subfield>
    <subfield code="a">LBC</subfield>
    <subfield code="b">LBC</subfield>
    <subfield code="c">C331</subfield>
    <subfield code="d">2016-09-05</subfield>
    <subfield code="o">635 &#x1785;&#x17B6;&#x1793;&#x17CB; 1993 C331</subfield>
    <subfield code="p">RUA046027</subfield>
    <subfield code="r">2016-09-05</subfield>
    <subfield code="y">KB</subfield>
  </datafield>
  <datafield tag="952" ind1=" " ind2=" ">
    <subfield code="0">0</subfield>
    <subfield code="1">0</subfield>
    <subfield code="4">0</subfield>
    <subfield code="6">635_000000000000000_&#x1785;&#x17B6;&#x1793;_1993_C331</subfield>
    <subfield code="7">0</subfield>
    <subfield code="9">51603</subfield>
    <subfield code="a">LBC</subfield>
    <subfield code="b">LBC</subfield>
    <subfield code="c">C331</subfield>
    <subfield code="d">2016-09-05</subfield>
    <subfield code="o">635 &#x1785;&#x17B6;&#x1793;&#x17CB; 1993 C331</subfield>
    <subfield code="p">RUA043331</subfield>
    <subfield code="r">2016-09-05</subfield>
    <subfield code="y">KB</subfield>
  </datafield>
  <datafield tag="952" ind1=" " ind2=" ">
    <subfield code="0">0</subfield>
    <subfield code="1">0</subfield>
    <subfield code="4">0</subfield>
    <subfield code="6">635_000000000000000_&#x1785;&#x17B6;&#x1793;_1993_C331</subfield>
    <subfield code="7">0</subfield>
    <subfield code="9">51605</subfield>
    <subfield code="a">LBC</subfield>
    <subfield code="b">LBC</subfield>
    <subfield code="c">C331</subfield>
    <subfield code="d">2016-09-05</subfield>
    <subfield code="o">635  &#x1785;&#x17B6;&#x1793;&#x17CB; 1993 C331</subfield>
    <subfield code="p">RUA047027</subfield>
    <subfield code="r">2016-09-05</subfield>
    <subfield code="y">KB</subfield>
  </datafield>
  <datafield tag="952" ind1=" " ind2=" ">
    <subfield code="0">0</subfield>
    <subfield code="1">0</subfield>
    <subfield code="4">0</subfield>
    <subfield code="6">635_000000000000000_&#x1785;&#x17B6;&#x1793;_1993_C331</subfield>
    <subfield code="7">0</subfield>
    <subfield code="9">51606</subfield>
    <subfield code="a">LBC</subfield>
    <subfield code="b">LBC</subfield>
    <subfield code="c">C331</subfield>
    <subfield code="d">2016-09-05</subfield>
    <subfield code="o">635  &#x1785;&#x17B6;&#x1793;&#x17CB; 1993 C331</subfield>
    <subfield code="p">A01018</subfield>
    <subfield code="r">2016-09-05</subfield>
    <subfield code="y">KB</subfield>
  </datafield>
  <datafield tag="952" ind1=" " ind2=" ">
    <subfield code="0">0</subfield>
    <subfield code="1">0</subfield>
    <subfield code="4">0</subfield>
    <subfield code="6">635_000000000000000_&#x1785;&#x17B6;&#x1793;_1993_C331</subfield>
    <subfield code="7">0</subfield>
    <subfield code="9">51607</subfield>
    <subfield code="a">LBC</subfield>
    <subfield code="b">LBC</subfield>
    <subfield code="c">C331</subfield>
    <subfield code="d">2016-09-05</subfield>
    <subfield code="o">635  &#x1785;&#x17B6;&#x1793;&#x17CB; 1993 C331</subfield>
    <subfield code="p">RUA045213</subfield>
    <subfield code="r">2016-09-05</subfield>
    <subfield code="y">KB</subfield>
  </datafield>
  <datafield tag="952" ind1=" " ind2=" ">
    <subfield code="0">0</subfield>
    <subfield code="1">0</subfield>
    <subfield code="4">0</subfield>
    <subfield code="6">635_000000000000000_&#x1785;&#x17B6;&#x1793;_1993_C330</subfield>
    <subfield code="7">0</subfield>
    <subfield code="9">51608</subfield>
    <subfield code="a">LBC</subfield>
    <subfield code="b">LBC</subfield>
    <subfield code="c">C330</subfield>
    <subfield code="d">2016-09-05</subfield>
    <subfield code="o">635 &#x1785;&#x17B6;&#x1793;&#x17CB; 1993 C330</subfield>
    <subfield code="p">A00881</subfield>
    <subfield code="r">2016-09-05</subfield>
    <subfield code="y">KB</subfield>
  </datafield>
  <datafield tag="952" ind1=" " ind2=" ">
    <subfield code="0">0</subfield>
    <subfield code="1">0</subfield>
    <subfield code="4">0</subfield>
    <subfield code="6">635_000000000000000_&#x1785;&#x17B6;&#x1793;_1993_C330</subfield>
    <subfield code="7">0</subfield>
    <subfield code="9">51609</subfield>
    <subfield code="a">LBC</subfield>
    <subfield code="b">LBC</subfield>
    <subfield code="c">C330</subfield>
    <subfield code="d">2016-09-05</subfield>
    <subfield code="o">635 &#x1785;&#x17B6;&#x1793;&#x17CB; 1993 C330</subfield>
    <subfield code="p">RUA045690</subfield>
    <subfield code="r">2016-09-05</subfield>
    <subfield code="y">KB</subfield>
  </datafield>
  <datafield tag="952" ind1=" " ind2=" ">
    <subfield code="0">0</subfield>
    <subfield code="1">0</subfield>
    <subfield code="4">0</subfield>
    <subfield code="6">635_000000000000000_&#x1785;&#x17B6;&#x1793;_1993_C330</subfield>
    <subfield code="7">0</subfield>
    <subfield code="9">51610</subfield>
    <subfield code="a">LBC</subfield>
    <subfield code="b">LBC</subfield>
    <subfield code="c">C330</subfield>
    <subfield code="d">2016-09-05</subfield>
    <subfield code="o">635 &#x1785;&#x17B6;&#x1793;&#x17CB; 1993 C330</subfield>
    <subfield code="p">RUA045967</subfield>
    <subfield code="r">2016-09-05</subfield>
    <subfield code="y">KB</subfield>
  </datafield>
</record>
